Measuring Capacity of National Economies. Using Purchasing Power Parities (Mit dtsch. Zusammenfassung) (Record no. 3501)

MARC details
000 -LEADER
fixed length control field 00576nam a22002057i 4500
001 - CONTROL NUMBER
control field 3554
003 - CONTROL NUMBER IDENTIFIER
control field OSt
005 - DATE AND TIME OF LATEST TRANSACTION
control field 20170126082320.0
007 - PHYSICAL DESCRIPTION FIXED FIELD--GENERAL INFORMATION
fixed length control field tu
008 - FIXED-LENGTH DATA ELEMENTS--GENERAL INFORMATION
fixed length control field 161220s1996 xxu||||| |||| 00| 0 d
024 7# - OTHER STANDARD IDENTIFIER
Standard number or code 3553
Source of number or code RID
040 ## - CATALOGING SOURCE
Transcribing agency OSt
084 ## - OTHER CLASSIFICATION NUMBER
Classification number 13.4
Number source z
100 1# - MAIN ENTRY--PERSONAL NAME
Personal name Strack, Dieter
245 00 - TITLE STATEMENT
Title Measuring Capacity of National Economies. Using Purchasing Power Parities (Mit dtsch. Zusammenfassung)
260 ## - PUBLICATION, DISTRIBUTION, ETC.
Place of publication, distribution, etc. München :
Name of publisher, distributor, etc. IFO Institut für Wirtschaftsforschung,
Date of publication, distribution, etc. 1996.
300 ## - PHYSICAL DESCRIPTION
Extent 140 S. ;
Dimensions 30cm.
700 1# - ADDED ENTRY--PERSONAL NAME
Personal name Helmschrott, Helmut
700 1# - ADDED ENTRY--PERSONAL NAME
Personal name Schönherr, Siegfried
942 ## - ADDED ENTRY ELEMENTS (KOHA)
Koha item type Book
Holdings
Withdrawn status Lost status Damaged status Not for loan Home library Current library Shelving location Date acquired Inventory number Total Checkouts Full call number Barcode Date last seen Price effective from Koha item type
        WIIW WIIW Library 07/11/1997 3554   II-6.197 303552 01/26/2017 01/26/2017 Book
The Vienna Instiute for International Economic Studies (wiiw)